000 00949nam a2200265 a 4500
001 BRCA_538
005 20190320203044.0
008 971215s1998 nyua---##b---#001-0#eng-#
020 _a0847820890
020 _a0847820904
040 _aDLC
_cDLC
_dDLC
050 4 _aND197
_b.B93 1998
245 1 0 _aThe Buddha´s Art of Healing
_btibetan paintings rediscovered
_cJohn F. Avedon ... [et al.] ; foreword by His Holiness the Dalai Lama.
260 _aNueva York
_bRizzoli
_c1998
300 _a168 p.
_bil. a color, mapas
_c32 cm.
500 _aIncluye glosario, lista de trabajos ilustrados e índice
504 _aBibliografía: p. 163
610 2 4 _aThe History Museum of Buryatia (Rusia)
_vExposiciones
_91864
650 1 4 _aMedicina tibetana
_xExposiciones
_91865
650 1 4 _aPintura tibetana
_91866
650 1 4 _aBuda
_xEn el arte
_91867
700 1 _aAvedon, John F
_91868
700 1 _aLama, Dalai
_d(Tenzin Gyatso, 1935-)
_91869
942 _2lcc
_cB
999 _c470
_d470